| 000 | 01557nam a2200373Ia 4500 | ||
|---|---|---|---|
| 001 | ebr10135699 | ||
| 003 | CaPaEBR | ||
| 006 | m u | ||
| 007 | cr cn||||||||| | ||
| 008 | 050930s2006 nyua sb 101 0 eng d | ||
| 010 | _z 2005049549 | ||
| 015 |
_aGBA639031 _2bnb |
||
| 020 | _z1403983119 | ||
| 020 | _z1403971781 | ||
| 040 |
_aCaPaEBR _cCaPaEBR |
||
| 035 | _a(OCoLC)123351654 | ||
| 050 | 1 | 4 |
_aJA74.5 _b.S46 2006eb |
| 082 | 0 | 4 |
_a320.01/9 _222 |
| 111 | 2 |
_aShambaugh Conference on Affect and Cognition in Political Action _d(2003 : _cUniversity of Iowa) |
|
| 245 | 1 | 0 |
_aFeeling politics _h[electronic resource] : _bemotion in political information processing / _cedited by David P. Redlawsk. |
| 250 | _a1st ed. | ||
| 260 |
_aNew York : _bPalgrave Macmillan, _c2006. |
||
| 300 |
_axviii, 265 p. : _bill. |
||
| 500 | _aResults of the Shambaugh Conference on Affect and Cognition in Political Action, University of Iowa, March 7-9, 2003. | ||
| 504 | _aIncludes bibliographical references (p. [227]-257) and index. | ||
| 533 |
_aElectronic reproduction. _bPalo Alto, Calif. : _cebrary, _d2009. _nAvailable via World Wide Web. _nAccess may be limited to ebrary affiliated libraries. |
||
| 650 | 0 | _aPolitical psychology. | |
| 650 | 0 | _aEmotions and cognition. | |
| 650 | 0 | _aPersonality and politics. | |
| 655 | 7 |
_aElectronic books. _2local |
|
| 700 | 1 | _aRedlawsk, David P. | |
| 710 | 2 | _aebrary, Inc. | |
| 856 | 4 | 0 |
_uhttp://site.ebrary.com/lib/rucke/Doc?id=10135699 _zAn electronic book accessible through the World Wide Web; click to view |
| 999 |
_c86991 _d86991 |
||